000 01257nam a22003737a 4500
003 CHAP
005 20221026130857.0
008 971013s r 00010 d
010 _a2861
011 _a3833
035 _a3034
040 _cCHAP
090 _aTesis
100 0 0 _aMuñoz Chávez, Oswaldo.
_979573
245 _aEvaluación de la producción de un cultivo de avena forrajera (Avena sativa L.) variedad Cuauhtémoc y variedad Chihuahua bajo diferentes dosis de fertilización en la zona de Marín, Nuevo León /
_cpor Oswaldo Muñoz Chávez
260 _aMarín, N. L. :
_bEl autor.
_c1990
300 _a55 h
500 _aD47-153
502 _aTesis (Ing. Agr.) -- UANL. Fac. de Agronomía
590 _aALEPH
_b10
_c20130110
590 _aBATCH-UPD
_b10
_c20130110
590 _aBATCH-UPD
_b10
_c20130410
590 _aBATCH-UPD
_b10
_c20130914
590 _aBATCH-UPD
_b10
_c20130914
590 _aCONVERSION
_b10
_c20130109
650 1 4 _aAvena como forraje.
_98556
650 1 4 _aAvena
_xNuevo León.
_98536
650 1 4 _aAvena
_xRendimiento.
_98539
650 1 4 _aAvena
_xVariedades.
_98552
650 1 4 _aFertilizantes para avena.
_940603
901 _aBK
942 _cTESIS
_2ddc
949 _bBC
_cTES
_d-12542
_eTS1
_h24689
_i3034
_si
999 _c2861
_d2861